00463nam a2200169Ia 4500008004100000041000800041082002500049100002300074245007100097260002200168300000800190365001600198700001400214710003600228906001000264999001900274230312s9999 xx 000 0 und d aeng a539b539/EIS/035109  aEisberg R.9172130 aQuantum Physics Of Atoms, Molecules, Solids, Nuclei And Practicles c2008bWiley India a828 cRs.b519.00 aResnickR. aEisberg R. & Resnick R.9172131 b207.6 c132327d132327